| 000 | 00872nam a22002297a 4500 | ||
|---|---|---|---|
| 003 | Uzh_bibl | ||
| 008 | 220613b |||||||| |||| 00| 0 ukr d | ||
| 020 | _c0.89 | ||
| 040 | _bукр. | ||
| 041 |
_2ukr _aukr |
||
| 080 | _a821(477) | ||
| 090 |
_a821(477) _bГ 54 |
||
| 100 | _aГлібов, Леонід | ||
| 245 |
_aБайки _hТекст |
||
| 260 |
_aКиїв _bДніпро _c1976 |
||
| 300 |
_a168 с. _bІл. _fВ опр. |
||
| 520 | _aДо збірки ввійшло краще з творчої спадщини видатного українського поета Л.І.Глібова (1827-1893) - його байки, що здобули популярність у народі | ||
| 521 | _aДля широкого кола читачів | ||
| 546 | _aукр. | ||
| 650 | _aЛітературно-художнє видання | ||
| 942 |
_2udc _cBK |
||
| 999 |
_c3799 _d3799 |
||